000
00276nam a22001217a 4500
008
181102b xxu||||| |||| 00| 0 eng d
041
_a
eng
080
_a
821
100
_a
22
101
_a
GJL
245
_a
The complete work of Shakespeare
_c
Kittredge, G.L
942
_2
udc
_c
BK
999
_c
51657
_d
51657